Словница за изучванье народныа нашъ языкъ (Запис номер 407512)
[ съкратено ]
| 000 -Лидер | |
|---|---|
| Контролно поле с фиксирана дължина | 01324nam a2200313 a 4500 |
| 003 - Код на организацията, давaща контролен номер | |
| Контролно поле | BLK |
| 005 - Дата и час на последна редакция | |
| Контролно поле | 20240321124157.0 |
| 008 - Елементи от данни с фиксирана дължина | |
| fixed length control field | 180409b bul|||||r ||||||| ||bul|| |
| 040 ## - Източник на каталожния запис | |
| Идентификатор на билиотеката - собственик на записа | BLK |
| 041 ## - Код за език | |
| Код за езика на текст/звукозапис или на отделно заглавие | Български |
| Код за езика КДБФ | Български |
| 080 ## - УДК | |
| Текстов определител УДК | Езикознание. Аспекти в езикознанието |
| УДК код - определител по УДК | 81`1/`4 |
| УДК определител | =163.1 |
| УДК - код + определител | 81`1/`4=163.1 |
| 100 ## - Редна дума - Автор | |
| Автор | Богоров, Иван Андреев |
| Дати, свързани с автора | ок. 1818 - 1892 |
| Автор - информация (биография) | книжовник, педагог, езиковед |
| R(LIN) | 332592 |
| 139 ## - Редно поле | |
| Редна дума | Богоров, Иван Андреев |
| Авторски знак | Бого - Б 55 |
| 245 10 - Сведения за заглавието | |
| Заглавие | Словница за изучванье народныа нашъ языкъ |
| Редно поле (дума) | отъ И. Богорова |
| 250 ## - Област на изданието | |
| Сведения за изданието | 3. изд. |
| 257 ## - Страна на издаване | |
| Страна на създаване/издаване | България |
| 260 ## - Област на издателските данни | |
| Година на издаване | 1880 |
| Място на издаване, разпространение и проч. | София |
| 9 (RLIN) | 217111 |
| Име на издателя, разпространителя и проч. | книгопеч. Янко С. Ковачев |
| 300 ## - Физическа характеристика | |
| Страници | 48 с. |
| Размери/Мащаб | 22 см |
| 380 ## - Жанр | |
| Жанр | Езикознание. Филология |
| 490 ## - СЕРИИ (Колекции) | |
| 9 (RLIN) | 435080 |
| Име на серия | Колекция Редки и ценни издания |
| 500 ## - Общи забележки | |
| Забележка | 1. изд. 1848. |
| 505 ## - Форматирана забележка | |
| Подзаглавни данни | С автограф: подпис и печат Теодоръ Стефановъ Вълчевъ |
| 650 #0 - Допълнително описание по предмет – тема | |
| Основно описание – тема или топоним | Езикознание, българско |
| 9 (RLIN) | 241866 |
| 653 #7 - Ключова дума – ненормативна | |
| Ключова дума | старобългарски език |
| 9 (RLIN) | 197318 |
| 852 ## - Местоположение | |
| Форматна сигнатура | Рб 880 |
| Фондова буква | Редки и ценни |
| 999 ## - СИСТЕМНИ КОНТРОЛНИ НОМЕРА | |
| Koha biblionumber | 407512 |
| Koha biblioitemnumber | 407512 |
| 942 ## - АРТИКУЛИ | |
| Вид на библиотечния материал | Книги |
| Скрит в OPAC | Не |
| Периодичен библиозапис | Да |
| 944 ## - СЪЗДАВАНЕ И РЕДАКЦИЯ на ЗАПИСА | |
| Създаване/Редакция | Създаване |
| Дата на регистрацията/редакция | 2021-04-12 |
| Статус, дата на статуса | Нора Радева |
| Служител, извършил регистрацията/редакцията | 30545 |
| 999 ## - СИСТЕМНИ КОНТРОЛНИ НОМЕРА | |
| Koha biblioitemnumber | 407512 |
| Код за отписване | Код за изгубен артикул | Източник на класификационната схема | Код за повреда | Коз за рестрикции | Код за отдаване | Артикулен № | Име на библиотеката - собственик | Име на библиотеката, в която се намира в момента | Статус (Текущо местоположение) | Дата на вписване в системата | Местоположение - отдел | Цена в лева | Инвентарен номер | Систематично азбучна сигнатура | Баркод | Цена в евро | Служебен тип на артикула |
|---|---|---|---|---|---|---|---|---|---|---|---|---|---|---|---|---|---|
| Не е изгубен | Universal Decimal Classification | Не е повреден | само за читалня | Специални фондове ( старопечатни, редки и ценни, фонд М. Арнаудов) | 852263 | Регионална библиотека "Любен Каравелов" Русе | Регионална библиотека "Любен Каравелов" Русе | Редки и ценни | 2021-09-16 | Редки и ценни | 0.04 | 16298 | Рб 880 | 900000052156 | 0.02 | Книги |